Statistiques concernant A-Z : Pays les plus proches de la France

Cliquez ici pour prendre le quiz!

Statistiques générales

  • Ce quiz a été pris 553 fois
  • Le résultat moyen est 20 sur 24

Statistiques - réponses

LettrePays% Correct
AAllemagne / Andorre
99%
BBelgique
98%
EEspagne
97%
IItalie
97%
SSuisse
95%
DDanemark
95%
FFinlande
95%
LLuxembourg
91%
HHongrie
90%
MMonaco
87%
CCroatie
86%
PPays-Bas
86%
VVatican
85%
ZZambie
85%
QQatar
84%
YYémen
83%
NNorvège
82%
GGrèce
81%
RRoyaume-Uni
79%
JJordanie
74%
TTunisie
73%
KKosovo
71%
UUkraine
69%
OOman
67%

Distribution des résultats

Percentile par nombre de réponses

% des personnes avec chaque résultat

Votre développement - résultats

Vous n’avez pas pris ce quiz